Statistics for Soccer Team by Country

Click here to take the quiz!

General Stats

  • This quiz has been taken 146 times
  • The average score is 9 of 11

Answer Stats

Answer% Correct
Spain
99%
France
93%
Germany
92%
Italy
92%
Portugal
86%
Brazil
83%
Greece
82%
UK
77%
Croatia
72%
Turkey
71%
South Africa
35%

Score Distribution

Percentile by Number Answered

Percent of People with Each Score

Your Score History

You have not taken this quiz